| 000 | 00555 a2200169 4500 | ||
|---|---|---|---|
| 020 | _a 0671712837 | ||
| 082 | _a158.1 | ||
| 090 |
_c3120 _d3120 |
||
| 100 | _aCovey, Stephen R. | ||
| 245 |
_aFirst things first : to live, to love, to learn, to leave a legacy _cStephen R.Covey |
||
| 260 |
_a New York : _bSimon & Schuster _cc1994 |
||
| 300 |
_a360 p. _b ill. _c25 cm |
||
| 500 | _aIncludes bibliographical references and index | ||
| 650 | _a1.Conduct of life.2. Time management | ||
| 700 | _a1.A. Roger Merrill .2.Rebecca R Merrill | ||
| 942 |
_cBK _k158.1 COV |
||
| 999 |
_c7035 _d7035 |
||